[Event "Olimpiade 2014 - Open"]
[Site "Tromsø"]
[Date "14.08.2014"]
[Round "11.17"]
[Board "1"]
[White "Amin, Bassem"]
[Black "Stefansson, Hannes"]
[Result "1-0"]
[WhiteTitle "GM"]
[BlackTitle "GM"]
[WhiteElo "2627"]
[BlackElo "2536"]
[WhiteTeam "Egypt"]
[BlackTeam "Iceland"]
[WhiteFideId "10601457"]
[BlackFideId "2300087"]
[EventDate "2014.08.02"]

1. Nf3 Nf6 2. g3 g6 3. Bg2 Bg7 4. O-O O-O 5. d3 d5 6. Nbd2 Nc6 7. c3 e5 8. e4 a5
9. a4 Re8 10. Re1 h6 11. Qc2 Be6 12. exd5 Nxd5 13. Nc4 Bf5 14. Nh4 Be6 15. Nf3
Bf5 16. Nfd2 Qd7 17. Ne4 b6 18. Ned6 cxd6 19. Bxd5 Rab8 20. Ne3 Be6 21. Qb3 Ne7
22. Bxe6 fxe6 23. Nc4 Nd5 24. Be3 Qc7 25. Rad1 Rf8 26. Rd2 Kh7 27. Rde2 Rf5 28.
Bc1 Rf3 29. Qb5 Qd8 30. Be3 Qc7 31. Bc1 Qd8 32. Ne3 Ne7 33. Kg2 Rf7 34. Qb3 Qd7
35. Nc4 Qc7 36. Kg1 Nc6 37. d4 Rf5 38. Ne3 Rff8 39. d5 exd5 40. Nxd5 Qb7 41. Rd1
Rf3 42. Be3 Rff8 43. Qb5 e4 44. Bf4 Na7 45. Qc4 Rfe8 46. Rxe4 b5 47. axb5 Nxb5
48. Rde1 Rbc8 49. Qd3 Rxe4 50. Rxe4 1-0

[Event "Olimpiade 2014 - Open"]
[Site "Tromsø"]
[Date "14.08.2014"]
[Round "11.17"]
[Board "2"]
[White "Gretarsson, Hjorvar Steinn"]
[Black "Shoker, Samy"]
[Result "1/2-1/2"]
[WhiteTitle "GM"]
[BlackTitle "IM"]
[WhiteElo "2543"]
[BlackElo "2487"]
[WhiteTeam "Iceland"]
[BlackTeam "Egypt"]
[WhiteFideId "2302241"]
[BlackFideId "627143"]
[EventDate "2014.08.02"]

1. d4 d6 2. e4 Nf6 3. Nc3 g6 4. Bg5 Bg7 5. Qd2 h6 6. Bh4 g5 7. Bg3 Nh5 8. O-O-O
Nd7 9. e5 Nb6 10. Qe3 Bf5 11. Be2 Nxg3 12. hxg3 Qd7 13. f4 g4 14. Bd3 h5 15.
Bxf5 Qxf5 16. Qe4 Qxe4 17. Nxe4 Nd5 18. Re1 e6 19. exd6 Bxd4 20. dxc7 Ke7 21.
Ne2 Bb6 22. N2c3 Nxc7 23. Rhf1 f5 24. Nd2 Ba5 25. Re5 Bxc3 26. bxc3 h4 27. gxh4
Rxh4 28. Rfe1 Kf6 29. g3 Rh2 30. Nb3 Rd8 31. Nd4 Rd6 32. a4 Rg2 33. R5e3 Ra6 34.
Kb2 Rxa4 35. Nxe6 Nd5 36. Re5 Ra6 37. Nd4 Rb6+ 38. Kc1 Nxc3 39. Rxf5+ Kg6 40.
Rg5+ Kf7 41. Rf5+ Kg6 42. Rg5+ Kf7 43. Rf5+ 1/2-1/2

[Event "Olimpiade 2014 - Open"]
[Site "Tromsø"]
[Date "14.08.2014"]
[Round "11.17"]
[Board "3"]
[White "Adly, Ahmed"]
[Black "Thorhallsson, Throstur"]
[Result "1-0"]
[WhiteTitle "GM"]
[BlackTitle "GM"]
[WhiteElo "2589"]
[BlackElo "2426"]
[WhiteTeam "Egypt"]
[BlackTeam "Iceland"]
[WhiteFideId "10601619"]
[BlackFideId "2300109"]
[EventDate "2014.08.02"]

1. d4 d5 2. Nf3 Nf6 3. e3 e6 4. b3 c6 5. Bb2 Nbd7 6. Nbd2 Be7 7. Bd3 O-O 8. O-O
b6 9. Qe2 Bb7 10. Ne5 Nxe5 11. dxe5 Nd7 12. c4 g6 13. f4 f6 14. Nf3 fxe5 15.
fxe5 Nc5 16. Bc2 a5 17. Nd4 Bg5 18. Rf3 Qe7 19. Rg3 Bh6 20. Qg4 Rf7 21. h4 Kh8
22. h5 gxh5 23. Qxh5 Rg7 24. Nf5 exf5 25. e6 d4 26. Bxd4 Nxe6 27. Bb2 Qd6 28.
Qxf5 Bxe3+ 29. Rxe3 Nd4 30. Qe5 Qxe5 31. Rxe5 c5 32. Be4 Bxe4 33. Rxe4 Rag8 34.
Bxd4 cxd4 35. Re2 Rg4 36. Rf1 d3 37. Rd2 Rd4 38. Rf6 Re8 39. Rxb6 Re1+ 40. Kf2
Re7 41. Rb5 a4 42. Rd5 Rde4 43. R5xd3 axb3 44. axb3 Kg7 45. Rd7 Kf6 46. Rxe7
Rxe7 47. b4 Rb7 48. b5 Rc7 49. Rc2 Ke5 50. c5 Kd5 51. c6 Kd6 52. Rd2+ Ke6 53.
Ke3 1-0

[Event "Olimpiade 2014 - Open"]
[Site "Tromsø"]
[Date "14.08.2014"]
[Round "11.17"]
[Board "4"]
[White "Olafsson, Helgi"]
[Black "El Gindy, Essam"]
[Result "0-1"]
[WhiteTitle "GM"]
[BlackTitle "GM"]
[WhiteElo "2555"]
[BlackElo "2486"]
[WhiteTeam "Iceland"]
[BlackTeam "Egypt"]
[WhiteFideId "2300010"]
[BlackFideId "10600140"]
[EventDate "2014.08.02"]

1. d4 Nf6 2. c4 e6 3. g3 Bb4+ 4. Bd2 c5 5. Bg2 O-O 6. Nf3 Nc6 7. O-O d6 8. a3
Bxd2 9. Qxd2 Qb6 10. Rd1 Na5 11. dxc5 dxc5 12. Qc2 Qb3 13. Qxb3 Nxb3 14. Ra2 e5
15. Nxe5 Re8 16. f4 Ng4 17. Nd2 Ne3 18. Nxb3 Nxd1 19. Bf3 f6 20. Nd3 Ne3 21.
Nbxc5 Rb8 22. b3 b6 23. Ne4 Rd8 24. Nc3 Bb7 25. Kf2 Bxf3 26. Kxf3 Re8 27. g4
Rbd8 28. a4 a5 29. h3 h5 30. Rb2 hxg4+ 31. hxg4 g6 32. g5 fxg5 33. fxg5 Rd4 34.
Nf2 Kg7 35. Rb1 Nc2 36. Nce4 Rdd8 37. e3 Nb4 38. Nf6 Rh8 39. c5 bxc5 40. Rc1 Rc8
41. Rd1 Rhd8 42. Rh1 Rh8 43. Rd1 Rcd8 44. Rc1 Na6 45. N2e4 Kf7 46. Kf4 Ke7 47.
Rc3 Rh4+ 48. Ke5 Rhh8 49. Rc1 Nb4 0-1

[Event "Olimpiade 2014 - Open"]
[Site "Tromsø"]
[Date "14.08.2014"]
[Round "11.19"]
[Board "1"]
[White "Solak, Dragan"]
[Black "Sulskis, Sarunas"]
[Result "1/2-1/2"]
[WhiteTitle "GM"]
[BlackTitle "GM"]
[WhiteElo "2632"]
[BlackElo "2544"]
[WhiteTeam "Turkey"]
[BlackTeam "Lithuania"]
[WhiteFideId "916811"]
[BlackFideId "12800112"]
[EventDate "2014.08.02"]

1. e4 c6 2. Nc3 d5 3. Nf3 Bg4 4. h3 Bh5 5. d4 e6 6. Bd3 Nf6 7. O-O Be7 8. Be3
O-O 9. a3 dxe4 10. Nxe4 Nxe4 11. Bxe4 Nd7 12. c4 f5 13. Bc2 e5 14. dxe5 Nxe5 15.
Qxd8 Nxf3+ 16. gxf3 Raxd8 17. f4 Be2 18. Rfe1 Bxc4 19. Bxa7 Bf6 20. Bc5 Rfe8 21.
Rxe8+ Rxe8 22. Bxf5 Bxb2 23. Rb1 Re2 24. Be3 Bxa3 25. Rxb7 Re1+ 26. Kh2 Bd5 27.
h4 h5 28. Bc2 Kf8 29. Rb8+ Kf7 30. Bb3 Ke6 31. Bxd5+ cxd5 32. Re8+ Be7 33. f5+
Kf7 34. Rh8 Bf6 35. Bg5 d4 36. Bxf6 Kxf6 37. Rd8 Re4 38. f3 Rxh4+ 39. Kg3 Rh1
40. Rxd4 Kxf5 41. Rd5+ Kg6 42. Rd6+ Kh7 43. Kg2 Ra1 44. Rb6 Ra7 45. Kg3 Rf7 46.
Rb5 Kh6 47. Rb6+ Rf6 48. Rb5 g5 49. Rb4 Rd6 50. Rb3 h4+ 51. Kh3 Kh5 52. Rb8 Kg6
53. Kg4 Rd4+ 54. Kh3 Rd1 55. Rg8+ Kf5 56. Rf8+ Ke5 57. f4+ gxf4 58. Kxh4 Ke4 59.
Kh3 Kf3 60. Kh2 Rd2+ 61. Kg1 Rg2+ 62. Kf1 Ra2 63. Kg1 Rd2 64. Rf7 Rd8 65. Rf6
Rg8+ 66. Kf1 Ra8 67. Kg1 Ra1+ 68. Kh2 Rf1 69. Ra6 Re1 70. Rf6 Ke3 71. Kg2 Re2+
72. Kf1 Rf2+ 73. Kg1 Rb2 74. Kf1 Kf3 75. Kg1 Re2 76. Rf8 Re1+ 77. Kh2 Re4 78.
Kg1 Re7 79. Rf6 Rg7+ 80. Kf1 Rg4 81. Ra6 Kg3 82. Ra3+ f3 83. Ra8 1/2-1/2

[Event "Olimpiade 2014 - Open"]
[Site "Tromsø"]
[Date "14.08.2014"]
[Round "11.19"]
[Board "2"]
[White "Rozentalis, Eduardas"]
[Black "Esen, Baris"]
[Result "1/2-1/2"]
[WhiteTitle "GM"]
[BlackTitle "GM"]
[WhiteElo "2606"]
[BlackElo "2589"]
[WhiteTeam "Lithuania"]
[BlackTeam "Turkey"]
[WhiteFideId "12800023"]
[BlackFideId "6302114"]
[EventDate "2014.08.02"]

1. e4 c5 2. Nf3 d6 3. Bb5+ Nd7 4. O-O a6 5. Bd3 Ngf6 6. c3 b5 7. Bc2 Bb7 8. Re1
e6 9. d4 Be7 10. Nbd2 O-O 11. e5 Nd5 12. Ne4 Qc7 13. Nfg5 h6 14. exd6 Bxd6 15.
Nxd6 Qxd6 16. Ne4 Qc6 17. f3 Rfd8 18. Qd3 cxd4 19. Qxd4 Rac8 20. Bb3 Qb6 21. Bd2
Nc5 22. Nxc5 Rxc5 23. Qf2 Rcc8 24. Rad1 Qxf2+ 25. Kxf2 Nb6 26. Bc1 Bd5 27. Rd4
Bc4 28. Red1 Rxd4 29. Rxd4 Bd5 30. Ke2 Kf8 31. h4 h5 32. Rd1 1/2-1/2

[Event "Olimpiade 2014 - Open"]
[Site "Tromsø"]
[Date "14.08.2014"]
[Round "11.19"]
[Board "3"]
[White "Can, Emre"]
[Black "Laurusas, Tomas"]
[Result "1-0"]
[WhiteTitle "GM"]
[BlackTitle "IM"]
[WhiteElo "2529"]
[BlackElo "2435"]
[WhiteTeam "Turkey"]
[BlackTeam "Lithuania"]
[WhiteFideId "6302181"]
[BlackFideId "12803731"]
[EventDate "2014.08.02"]

1. d4 d5 2. Nf3 Nf6 3. c4 c6 4. Nc3 a6 5. a4 g6 6. Bf4 Bg7 7. e3 O-O 8. Be2 c5
9. dxc5 Qa5 10. O-O dxc4 11. Nd2 Qxc5 12. a5 Be6 13. Bxc4 Bxc4 14. Na4 Qb5 15.
Nxc4 Nc6 16. Qc2 Nd5 17. Nab6 Rad8 18. Ra3 Nxb6 19. axb6 Nb4 20. Qe4 e5 21. Bxe5
f5 22. Qh4 Bxe5 23. Nxe5 Qxe5 24. Qxb4 Rf6 25. Rc3 Qd6 26. Qb3+ Qe6 27. Rc4 Qxb6
28. Rb4+ Qe6 29. Qxe6+ Rxe6 30. Rxb7 Rc6 31. h4 Rdd6 32. Ra1 Rb6 33. Ra7 Rf6 34.
Ra5 Rxb2 35. Rc5 Rf7 36. Rxa6 Kg7 37. Rac6 f4 38. e4 f3 39. Rc7 Rb1+ 40. Kh2
fxg2 41. Kxg2 Rb7 42. Rxf7+ Kxf7 43. Kg3 Ke6 44. f3 Kf6 45. Kf4 Ra7 46. Rc6+ Kg7
47. Rd6 Rf7+ 48. Kg4 Ra7 49. Kg5 Ra5+ 50. Rd5 Ra7 51. h5 h6+ 52. Kg4 g5 53. Rd6
Re7 54. Rg6+ Kh7 55. Kf5 Ra7 56. e5 Ra3 57. e6 Rxf3+ 58. Ke5 Re3+ 59. Kd6 Rd3+
60. Kc7 Rc3+ 61. Kd7 Rd3+ 62. Ke8 g4 63. Rxg4 Rd5 64. e7 Rxh5 65. Kf7 Re5 66.
Rg7+ Kh8 67. Rg8+ Kh7 68. e8=Q Rxe8 69. Rxe8 h5 70. Re6 h4 71. Re4 1-0

[Event "Olimpiade 2014 - Open"]
[Site "Tromsø"]
[Date "14.08.2014"]
[Round "11.19"]
[Board "4"]
[White "Beinoras, Mindaugas"]
[Black "Ipatov, Alexander"]
[Result "0-1"]
[WhiteTitle "IM"]
[BlackTitle "GM"]
[WhiteElo "2402"]
[BlackElo "2614"]
[WhiteTeam "Lithuania"]
[BlackTeam "Turkey"]
[WhiteFideId "12802085"]
[BlackFideId "14116731"]
[EventDate "2014.08.02"]

1. d4 d5 2. c4 c6 3. Nf3 Nf6 4. e3 g6 5. Nbd2 Bg7 6. b3 c5 7. Bb2 cxd4 8. Bxd4
Nc6 9. Bb2 O-O 10. Be2 Bf5 11. Nd4 Nxd4 12. exd4 Qa5 13. O-O Rfd8 14. a3 dxc4
15. bxc4 Ne4 16. Nxe4 Bxe4 17. Bf3 Bxf3 18. Qxf3 Rac8 19. Rac1 b6 20. Rfd1 Qa4
21. Qe2 Rd7 22. g3 Rdc7 23. c5 bxc5 24. dxc5 Bxb2 25. Qxb2 Rxc5 26. Re1 Rxc1 27.
Rxc1 Rxc1+ 28. Qxc1 Qd4 29. h4 h5 30. Kg2 Kg7 31. Qc6 a5 32. a4 e6 33. Kg1 Qd5
34. Qc3+ e5 35. Qe1 Kf6 36. Qe2 Kf5 37. Kh2 Qb3 38. Qd2 Qxa4 39. Qd5 Kf6 40.
Qd6+ Kg7 41. Qxe5+ Kg8 42. Qb8+ Kh7 43. Qc7 Qa2 44. Qf4 a4 45. g4 hxg4 46. h5 a3
47. hxg6+ fxg6 48. Qc7+ Kh6 49. Qf4+ g5 50. Qf8+ Kg6 51. Qe8+ Qf7 52. Qc6+ Kh5
53. Kg1 a2 54. Qh1+ Kg6 55. Qe4+ Kg7 56. Qa8 Qb3 57. Kh2 g3+ 58. Kg2 gxf2 59.
Qa7+ Qf7 60. Qd4+ Qf6 61. Qd7+ Qf7 62. Qd4+ Kh6 63. Qd6+ Kh5 64. Qh2+ Kg6 65.
Qd6+ Kf5 66. Qd3+ Ke6 67. Qc4+ Ke7 68. Qc7+ Kf8 69. Qd8+ Kg7 70. Qd4+ Kg8 71.
Qd8+ Qf8 72. Qd5+ Kh7 73. Qd7+ Kg6 74. Qd3+ Qf5 75. Qd6+ Kf7 76. Qc7+ Kg8 77.
Qd8+ Kg7 78. Qd4+ Kf7 79. Qc4+ Qe6 80. Qc7+ Kg6 81. Qc2+ Kh6 82. Qb2 f1=Q+ 83.
Kxf1 Qa6+ 0-1

[Event "Olimpiade 2014 - Open"]
[Site "Tromsø"]
[Date "14.08.2014"]
[Round "11.20"]
[Board "1"]
[White "Tologontegin, Semetey"]
[Black "Nedev, Trajko"]
[Result "1-0"]
[WhiteTitle "FM"]
[BlackTitle "GM"]
[WhiteElo "2354"]
[BlackElo "2484"]
[WhiteTeam "Kyrgyzstan"]
[BlackTeam "FYROM"]
[WhiteFideId "13800574"]
[BlackFideId "15000605"]
[EventDate "2014.08.02"]

1. d4 Nf6 2. Nc3 d5 3. Bf4 g6 4. e3 Bg7 5. h4 c5 6. Nb5 Na6 7. c3 O-O 8. Be2 h5
9. Nf3 Ng4 10. Ne5 Nxe5 11. dxe5 Qd7 12. g4 hxg4 13. h5 g5 14. h6 gxf4 15. hxg7
Kxg7 16. Rg1 Rg8 17. Rxg4+ Kf8 18. Rxg8+ Kxg8 19. Kd2 fxe3+ 20. fxe3 Qh3 21.
Qg1+ Kf8 22. Rf1 Be6 23. Rf2 Qh8 24. Rh2 Qxe5 25. Qh1 f5 26. Rh7 Bg8 27. Qh6+
Ke8 28. Rg7 Kd7 29. Qg5 Qe6 30. Nd4 cxd4 31. Bb5+ Kd6 32. Rg6 dxe3+ 33. Ke2 Qxg6
34. Qxg6+ e6 35. Qg7 Nc5 36. b4 Ne4 37. c4 dxc4 38. Kxe3 b6 39. Qd7+ Ke5 40.
Qd4# 1-0

[Event "Olimpiade 2014 - Open"]
[Site "Tromsø"]
[Date "14.08.2014"]
[Round "11.20"]
[Board "2"]
[White "Colovic, Aleksandar"]
[Black "Abdyjapar, Asyl"]
[Result "0-1"]
[WhiteTitle "GM"]
[BlackTitle "IM"]
[WhiteElo "2487"]
[BlackElo "2368"]
[WhiteTeam "FYROM"]
[BlackTeam "Kyrgyzstan"]
[WhiteFideId "15000729"]
[BlackFideId "13800337"]
[EventDate "2014.08.02"]

1. d4 Nf6 2. c4 g6 3. Nc3 d5 4. cxd5 Nxd5 5. e4 Nxc3 6. bxc3 Bg7 7. Be3 c5 8.
Qd2 Qa5 9. Rc1 O-O 10. Nf3 Rd8 11. d5 e6 12. Bg5 f6 13. Be3 exd5 14. exd5 Bg4
15. Be2 Nd7 16. c4 Qxd2+ 17. Nxd2 Bxe2 18. Kxe2 Re8 19. Rhe1 b6 20. h3 f5 21.
Kd3 h6 22. f3 Kf7 23. Bf2 Be5 24. Nf1 Bb2 25. Rb1 Rxe1 26. Rxe1 Re8 27. Rxe8
Kxe8 28. Kc2 Bg7 29. Nd2 Kf7 30. Be3 g5 31. f4 g4 32. hxg4 fxg4 33. Ne4 Kg6 34.
Ng3 Nf6 35. Kd3 h5 36. f5+ Kf7 37. Ne4 Nd7 38. Bf4 Bd4 39. Bg3 Kg7 40. Bf4 h4
41. Ke2 Kf7 42. Bc7 Ke7 43. Bd6+ Kf7 44. Bf4 Be5 45. Bg5 h3 46. gxh3 gxh3 47.
Kf2 Kf8 48. Bd8 Ke8 49. Bh4 h2 50. Kg2 Kf7 51. Bg5 Ke8 52. a4 Kf7 53. Bd8 Ke8
54. Bh4 Kf7 55. Bd8 Ke8 56. Bh4 Kf7 57. Be1 Bf4 58. Bc3 Ne5 59. Bxe5 Bxe5 60. a5
bxa5 61. Nxc5 Kf6 62. Na4 Kxf5 63. c5 Ke4 64. d6 Kd5 65. d7 Bc7 66. d8=Q+ Bxd8
67. Kxh2 Kc4 68. c6 Kb4 69. Nb2 a4 70. Kg2 a3 71. Nd3+ Kc3 72. Nc1 Kb2 73. Nd3+
Kb1 74. Nb4 a5 75. Nd5 a2 0-1

[Event "Olimpiade 2014 - Open"]
[Site "Tromsø"]
[Date "14.08.2014"]
[Round "11.20"]
[Board "3"]
[White "Takyrbashev, B."]
[Black "Pancevski, Filip"]
[Result "0-1"]
[BlackTitle "IM"]
[WhiteElo "2229"]
[BlackElo "2464"]
[WhiteTeam "Kyrgyzstan"]
[BlackTeam "FYROM"]
[WhiteFideId "13800272"]
[BlackFideId "15002187"]
[EventDate "2014.08.02"]

1. d4 d6 2. e4 Nf6 3. Nc3 e5 4. Nf3 Nbd7 5. Bc4 Be7 6. O-O Nb6 7. Bb3 exd4 8.
Qxd4 O-O 9. Bg5 Bg4 10. Nd2 Nfd7 11. Bxe7 Qxe7 12. Rae1 Be6 13. f4 a5 14. f5
Bxb3 15. axb3 Qe5 16. Qf2 Rfe8 17. Re3 Qc5 18. Rfe1 Nf6 19. h3 Nbd7 20. g4 c6
21. Kg2 b5 22. Rd3 b4 23. Na4 Qxc2 24. Rxd6 Ne5 25. g5 Rad8 26. Rxd8 Rxd8 27.
Re2 Nh5 28. Qb6 Nf4+ 29. Kf2 Qd3 30. Qe3 Nxe2 0-1

[Event "Olimpiade 2014 - Open"]
[Site "Tromsø"]
[Date "14.08.2014"]
[Round "11.20"]
[Board "4"]
[White "Mitkov, Nikola"]
[Black "Mamatov, Melis"]
[Result "0-1"]
[WhiteTitle "GM"]
[WhiteElo "2500"]
[BlackElo "2106"]
[WhiteTeam "FYROM"]
[BlackTeam "Kyrgyzstan"]
[WhiteFideId "15000290"]
[BlackFideId "13800027"]
[EventDate "2014.08.02"]

1. e4 c5 2. Nf3 e6 3. Nc3 a6 4. d4 cxd4 5. Nxd4 Qc7 6. Bd3 b6 7. O-O Bb7 8. Qe2
d6 9. f4 Nd7 10. Bd2 Ngf6 11. Kh1 g6 12. Rae1 e5 13. Nf3 Bg7 14. Qf2 O-O 15. Qh4
Rae8 16. f5 b5 17. a3 d5 18. exd5 Nxd5 19. Ng5 N5f6 20. Nce4 h6 21. fxg6 fxg6
22. Nxf6+ Nxf6 23. Bxg6 hxg5 24. Bxg5 Re6 25. Qh3 Rb6 26. Rf2 Bh8 27. Be3 Rc6
28. Bh6 Bg7 29. Bd2 Bc8 30. Qh4 Rc4 31. Qg3 Rg4 32. Qb3+ Qc4 33. Bd3 Qxb3 34.
cxb3 Rd4 35. Bc2 Nd5 36. Rxf8+ Bxf8 37. Ba5 Bg7 38. h3 Nf4 39. Bc3 Rd5 40. Be4
Rd8 41. Ba5 Re8 42. Bc6 Re6 43. Be4 Re7 44. Bb4 Rd7 45. Bf5 Rd8 46. Ba5 Re8 47.
Be4 Be6 48. Rd1 Ne2 49. Bc6 Rb8 50. Rd6 Bxb3 51. h4 Ng3+ 52. Kh2 Nf5 53. Rd3 Bc4
54. Rh3 Be6 55. Rd3 Nxh4 56. Rd6 Kf7 57. Be4 Nf5 58. Rxa6 Ne3 59. Ra7+ Kg8 60.
Bc3 Rd8 61. Bc6 Ng4+ 62. Kg3 Rd3+ 63. Kh4 Nh6 64. Ra8+ Kf7 65. Ra7+ Kg6 66. g4
Bf6+ 0-1

[Event "Olimpiade 2014 - Open"]
[Site "Tromsø"]
[Date "14.08.2014"]
[Round "11.21"]
[Board "1"]
[White "Shirov, Alexei"]
[Black "Markos, Jan"]
[Result "1-0"]
[WhiteTitle "GM"]
[BlackTitle "GM"]
[WhiteElo "2709"]
[BlackElo "2602"]
[WhiteTeam "Latvia"]
[BlackTeam "Slovakia"]
[WhiteFideId "2209390"]
[BlackFideId "14903474"]
[EventDate "2014.08.02"]

1. e4 c5 2. Nf3 Nf6 3. e5 Nd5 4. Nc3 e6 5. Nxd5 exd5 6. d4 Nc6 7. dxc5 Bxc5 8.
Qxd5 Qb6 9. Bc4 Bxf2+ 10. Ke2 O-O 11. Rf1 Bc5 12. Ng5 Nxe5 13. Nxf7 Nxf7 14.
Rxf7 Qe6+ 15. Qxe6 dxe6 16. Rxf8+ Kxf8 17. Bg5 Bd7 18. Rf1+ Ke8 19. Bd3 g6 20.
Rf4 Be7 21. Bxe7 Kxe7 22. Rh4 Bc6 23. Rxh7+ Kf6 24. g4 Kg5 25. Ke3 Kxg4 26. Bxg6
Rf8 27. Be4 Bxe4 28. Kxe4 Rf4+ 29. Ke5 Rf2 30. Rg7+ Kh3 31. Kxe6 Rxc2 32. Rxb7
Kxh2 33. a4 Kg3 34. b4 a5 35. bxa5 Rc4 36. Kd5 Rxa4 37. Rb5 1-0

[Event "Olimpiade 2014 - Open"]
[Site "Tromsø"]
[Date "14.08.2014"]
[Round "11.21"]
[Board "2"]
[White "Ftacnik, Lubomir"]
[Black "Kovalenko, Igor"]
[Result "1-0"]
[WhiteTitle "GM"]
[BlackTitle "GM"]
[WhiteElo "2571"]
[BlackElo "2650"]
[WhiteTeam "Slovakia"]
[BlackTeam "Latvia"]
[WhiteFideId "14900017"]
[BlackFideId "14117908"]
[EventDate "2014.08.02"]

1. Nf3 Nf6 2. c4 g6 3. Nc3 Bg7 4. e4 O-O 5. d4 d6 6. Be2 e5 7. O-O c6 8. Re1 Na6
9. Bf1 Bg4 10. d5 c5 11. Be2 Kh8 12. Bg5 h6 13. Be3 Ng8 14. g3 Bxf3 15. Bxf3 f5
16. exf5 gxf5 17. Bg2 Nf6 18. Bh3 Nh7 19. f4 e4 20. a3 Nc7 21. Kh1 Rb8 22. Rb1
Ne8 23. Bd2 a6 24. b4 Qc7 25. b5 Bd4 26. bxa6 bxa6 27. Rxb8 Qxb8 28. Qc2 Ng7 29.
Ne2 Nf6 30. Bc3 Bxc3 31. Nxc3 Qe8 32. Qe2 h5 33. Rb1 Qg6 34. Rb6 h4 35. Qe3 Ngh5
36. Ne2 Ng4 37. Qxc5 hxg3 38. hxg3 Qh6 39. Rxd6 Nhf6 40. Kg2 Kg7 41. Rc6 Qh5 42.
Rc7+ Rf7 43. d6 Nd7 44. Qd4+ Ngf6 45. Ng1 Kh6 46. c5 Rg7 47. Rxd7 Nxd7 48. c6
Qg6 49. Ne2 Qh5 50. Qf2 Nc5 51. Nd4 Nd3 52. Nxf5+ Kh7 53. Nxg7 Qd1 54. Bf5+ Kh6
55. Qa2 Qf3+ 56. Kh2 Kxg7 57. c7 Ne5 58. Qb2 Kh6 59. fxe5 Qxf5 60. Qc1+ e3 61.
Qxe3+ Kg7 62. Qf4 Qh5+ 63. Kg2 Qe2+ 64. Kh3 Qh5+ 65. Qh4 1-0

[Event "Olimpiade 2014 - Open"]
[Site "Tromsø"]
[Date "14.08.2014"]
[Round "11.21"]
[Board "3"]
[White "Neiksans, Arturs"]
[Black "Michalik, Peter"]
[Result "1-0"]
[WhiteTitle "GM"]
[BlackTitle "GM"]
[WhiteElo "2572"]
[BlackElo "2586"]
[WhiteTeam "Latvia"]
[BlackTeam "Slovakia"]
[WhiteFideId "11601388"]
[BlackFideId "14907526"]
[EventDate "2014.08.02"]

1. Nf3 d5 2. g3 Bg4 3. Bg2 Nd7 4. c4 c6 5. cxd5 cxd5 6. Nc3 e6 7. Qa4 Bxf3 8.
Bxf3 Nf6 9. e4 dxe4 10. Nxe4 Nxe4 11. Bxe4 Be7 12. Bxb7 O-O 13. d4 Nb6 14. Qc6
Rb8 15. Bf4 Bb4+ 16. Kf1 Qxd4 17. Bxb8 Rxb8 18. Qe4 Bc5 19. Qxd4 Bxd4 20. Ba6
Bxb2 21. Rd1 Nd5 22. Kg2 g6 23. Rd2 Bf6 24. Bc4 Nc3 25. Rc1 Rc8 26. Bb3 a5 27.
Rd3 Rc5 28. a3 Kf8 29. f4 Ke7 30. Bd1 Rd5 31. Rxd5 exd5 32. Kf3 Bd4 33. Bc2 a4
34. Bd3 Kd6 35. g4 Bg7 36. g5 Kc5 37. Ke3 d4+ 38. Kd2 Bf8 39. Kc2 Bd6 40. f5 Bf4
41. Rg1 Nd5 42. h4 Ne3+ 43. Kb2 gxf5 44. Bxf5 Nc4+ 45. Kc2 h6 46. gxh6 Bxh6 47.
Kd3 Ne5+ 48. Ke4 f6 49. Bg6 d3 50. Be8 d2 51. Bxa4 Nc4 52. Bd1 f5+ 53. Kxf5 Nxa3
54. Rg6 Bf8 55. Ke6 Nc4 56. h5 Kd4 57. Kf7 Bb4 58. Rg4+ Kd3 59. Rg3+ Ne3 60. h6
Bc3 61. h7 Be5 62. Bh5 Bxg3 63. h8=Q Bf2 64. Qd8+ Kc2 65. Qc7+ Kb2 66. Qb6+ Kc1
67. Qc5+ Kb2 68. Qb4+ Kc1 69. Qa3+ Kc2 70. Qa2+ Kc1 71. Qa1+ Kc2 72. Bg6+ Kb3
73. Qb1+ 1-0

[Event "Olimpiade 2014 - Open"]
[Site "Tromsø"]
[Date "14.08.2014"]
[Round "11.21"]
[Board "4"]
[White "Petrik, Tomas"]
[Black "Kantans, Toms"]
[Result "1-0"]
[WhiteTitle "GM"]
[BlackTitle "IM"]
[WhiteElo "2487"]
[BlackElo "2496"]
[WhiteTeam "Slovakia"]
[BlackTeam "Latvia"]
[WhiteFideId "14901625"]
[BlackFideId "11602945"]
[EventDate "2014.08.02"]

1. e4 e5 2. Nf3 Nc6 3. Bb5 a6 4. Ba4 Nge7 5. O-O g6 6. c3 Bg7 7. d4 exd4 8. cxd4
O-O 9. Nc3 d5 10. exd5 Nxd5 11. Bg5 Qd6 12. Ne4 Qb4 13. Bb3 Be6 14. Rc1 h6 15.
Bd2 Qb6 16. Nc5 Rad8 17. Nxe6 fxe6 18. Qe2 Rd6 19. Rcd1 g5 20. Bc1 Nce7 21. h4
gxh4 22. Nxh4 Nf4 23. Bxf4 Rxf4 24. g3 Rfxd4 25. Rxd4 Qxd4 26. Bxe6+ Kh8 27. Bb3
Qe5 28. Qc4 Rf6 29. Rd1 Bf8 30. Bc2 b5 31. Qd3 Rf7 32. Rd2 c5 33. Kg2 c4 34. Qd7
Rf6 35. Qg4 Qe6 36. Qh5 Qf7 37. Qe2 Qe6 38. Qh5 Qf7 39. Qd1 Qe6 40. Rd8 Qc6+ 41.
Kg1 Qc5 42. Qe2 Nc6 43. Rc8 Qe7 44. Qd2 Qe6 45. Ra8 Kg8 46. Ng2 Qd6 47. Qe2 Qd4
48. Nf4 Ne5 49. Re8 Nf7 50. Ne6 Rxe6 51. Qxe6 1-0

[Event "Olimpiade 2014 - Open"]
[Site "Tromsø"]
[Date "14.08.2014"]
[Round "11.22"]
[Board "1"]
[White "Dervishi, Erald"]
[Black "Cuartas, Jaime Alexander"]
[Result "1/2-1/2"]
[WhiteTitle "GM"]
[BlackTitle "GM"]
[WhiteElo "2581"]
[BlackElo "2489"]
[WhiteTeam "Albania"]
[BlackTeam "Colombia"]
[WhiteFideId "4700236"]
[BlackFideId "4401190"]
[EventDate "2014.08.02"]

1. e4 c6 2. d4 d5 3. Nc3 dxe4 4. Nxe4 Bf5 5. Ng3 Bg6 6. h4 h6 7. Nf3 Nd7 8. h5
Bh7 9. Bd3 Bxd3 10. Qxd3 e6 11. Bf4 Qa5+ 12. Bd2 Qb6 13. O-O-O Ngf6 14. Ne4 Be7
15. Kb1 Rd8 16. c4 c5 17. Bc3 O-O 18. Nxf6+ Bxf6 19. g4 cxd4 20. Bxd4 Bxd4 21.
Qxd4 Nc5 22. Qe3 Rxd1+ 23. Rxd1 Rd8 24. Rd4 Rd6 25. a3 a5 26. Kc2 a4 27. Rxd6
Qxd6 28. Qd4 Qc7 29. Qe5 Qb6 30. Nd2 Nb3 31. Ne4 Qc6 32. Kc3 f6 33. Qb8+ Kh7 34.
f3 Qb6 35. Qd6 Qa5+ 36. Kd3 Qe1 37. c5 Qf1+ 38. Ke3 Qe1+ 39. Kd3 Qf1+ 40. Ke3 1/2-1/2

[Event "Olimpiade 2014 - Open"]
[Site "Tromsø"]
[Date "14.08.2014"]
[Round "11.22"]
[Board "2"]
[White "Rios, Cristhian Camilo"]
[Black "Mehmeti, Dritan"]
[Result "0-1"]
[WhiteTitle "IM"]
[BlackTitle "IM"]
[WhiteElo "2427"]
[BlackElo "2416"]
[WhiteTeam "Colombia"]
[BlackTeam "Albania"]
[WhiteFideId "4403940"]
[BlackFideId "4700600"]
[EventDate "2014.08.02"]

1. d4 Nf6 2. c4 e6 3. Nc3 Bb4 4. Nf3 b6 5. Qb3 c5 6. a3 Ba5 7. Bf4 Nc6 8. Rd1
O-O 9. d5 exd5 10. cxd5 Ne7 11. e3 d6 12. Bg5 Ng6 13. h4 h6 14. h5 hxg5 15. hxg6
Ne4 16. Bd3 Bf5 17. Qc2 Bxc3+ 18. bxc3 Qe7 19. gxf7+ Rxf7 20. Nxg5 Qxg5 21. Bxe4
Re8 22. Bxf5 Rxf5 23. Rh3 Ree5 24. Rg3 Qxg3 25. Qxf5 Qxe3+ 26. fxe3 Rxf5 27. Ke2
Kf7 28. e4 Rg5 29. Rf1+ Ke7 30. Kf3 Rg6 31. Rb1 Kf6 32. a4 Ke5 33. g3 Rf6+ 34.
Ke3 Rg6 35. Kf3 Rf6+ 36. Ke3 Rg6 37. Kf3 Rh6 38. Ke3 Rh3 39. Rg1 g6 40. c4 Rh2
41. a5 Rb2 42. axb6 Rb3+ 43. Kd2 axb6 44. Kc2 Rf3 45. Rb1 Rxg3 46. Rxb6 g5 47.
Rb8 Kxe4 48. Rd8 Ke5 49. Kd2 g4 50. Ke2 Rc3 51. Re8+ Kd4 52. Re6 Kxc4 53. Rxd6
Rd3 54. Rg6 Rxd5 55. Rxg4+ Kc3 56. Rg3+ Kc2 57. Rg4 Re5+ 58. Kf1 Kd3 0-1